The population-sample decomposition method : a distribution- free estimation technique for minimum distance parameters /

Bibliographic Details
Main Author: Wesselman, A. M., 1956-
Format: Book
Language:English
Published: Dordrecht ; Boston : Dordrecht : Kluwer Academic ; M. Nijhoff ; 1987.
Series:International studies in economics and econometrics ; v. 19.
Subjects:

MARC

Tag First Indicator Second Indicator Subfields
LEADER 00000cam a2200000 a 4500
001 in00000030182
005 20151007060226.0
008 870728s1987 ne a b 00110 eng
010 |a  87021446  
020 |a 902473603X 
035 |a (OCoLC)16471098 
035 |9 AAC0333AM 
040 |a DLC  |c DLC  |d TXA  |d UtOrBLW 
049 |a TXAM  |c [A11682723] 
050 0 0 |a QA278  |b .W47 1987 
082 0 |a 519.5/35  |2 19 
100 1 |a Wesselman, A. M.,  |d 1956- 
245 1 4 |a The population-sample decomposition method :  |b a distribution- free estimation technique for minimum distance parameters /  |c by A.M. Wesselman. 
264 1 |a Dordrecht ;  |a Boston :  |b Kluwer Academic ;  |a Dordrecht :  |b M. Nijhoff ;  |c 1987. 
264 2 |a Hingham, Mass. :  |b Distributors for the U.S. and Canada, Kluwer Academic, 
300 |a 242 pages :  |b illustrations ;  |c 25 cm. 
336 |a text  |b txt  |2 rdacontent 
337 |a unmediated  |b n  |2 rdamedia 
338 |a volume  |b nc  |2 rdacarrier 
490 1 |a International studies in economics and econometrics ;  |v v. 19 
504 |a Bibliography: pages 225-236. 
500 |a Includes indexes. 
650 0 |a Multivariate analysis. 
650 0 |a Sampling (Statistics) 
650 0 |a Estimation theory. 
650 0 |a Nonparametric statistics. 
830 0 |a International studies in economics and econometrics ;  |v v. 19. 
999 |a MARS 
999 f f |s 9e9f2995-1376-3ec7-908a-075b1e0c4841  |i f8ccd1ee-a269-3f46-bd8b-09b689a5a6d9  |t 0 
952 f f |p ric  |a Texas A&M University  |b Rellis Campus  |c Joint Library Facility  |d Remote Storage  |t 0  |e QA278 .W47 1987  |h Library of Congress classification  |i unmediated -- volume  |m A14811682723 
998 f f |a QA278 .W47 1987  |t 0  |l Remote Storage